| 000 | 00729nam a2200169Ia 4500 | ||
|---|---|---|---|
| 005 | 20260302160848.0 | ||
| 008 | 260302s9999 xx 000 0 und d | ||
| 020 | _a9780415074621 | ||
| 082 |
_a338.9105 _bBRI.40 |
||
| 100 | _aScience, British Library of Political and Economic | ||
| 245 | 0 |
_aIbss: Political Science: 1991 / _cScience, British Library of Political and Economic |
|
| 260 |
_bPsychology Press, _c1993 |
||
| 300 | _a554 pages | ||
| 520 | _aIBSS is the essential tool for librarians, university departments, research institutions and any public or private institution whose work requires access to up-to-date and comprehensive knowledge of the social sciences. | ||
| 650 | _aPolitical Science | ||
| 942 | _cENGLISH | ||
| 999 |
_c616649 _d616649 |
||